| 000 | 01114cab a2200265 4500 | ||
|---|---|---|---|
| 001 | ABS59888 | ||
| 008 | 090401t1999 xxu||||| |||| 00| 0 eng d | ||
| 035 | _a(Sirsi) u90845 | ||
| 041 | _aeng | ||
| 100 | _aCottam, G. | ||
| 245 | 4 | _aThe danger of bias | |
| 260 | _c1999 | ||
| 350 | _a0 | ||
| 490 |
_aConstruction News _v(6599) 21 January 1999, 29(1) |
||
| 520 | _aTwo recent cases involving fairness in a judicial process, the Pinochet affair and the Jefri ruling, could have implications for the adjudication process, if it is believed that there is a `real danger of bias`. | ||
| 650 | _aADJUDICATION RULES | ||
| 650 | _aMANAGEMENT-DISPUTE AVOIDANCE, MANAGEMENT AND RESOLUTION-DISPUTE MANAGEMENT AND RESOLUTION-ALTERNATIVE DISPUTE RESOLUTION-ADJUDICATION | ||
| 650 | _aMANAGEMENT-DISPUTE AVOIDANCE, MANAGEMENT AND RESOLUTION-DISPUTE MANAGEMENT AND RESOLUTION-ALTERNATIVE DISPUTE RESOLUTION-ADJUDICATION-ADJUDICATORS | ||
| 650 | _aBIAS | ||
| 650 | _aCHINESE WALLS | ||
| 650 | _aCONSTRUCTION INDUSTRY | ||
| 690 | _aBUILT ENVIRONMENT-BUILDING CONTRACT FORMS | ||
| 942 | _n0 | ||
| 948 | _c21/01/1999 | ||
| 999 |
_c57627 _d57627 |
||